00437cam a2200145Ja 4500020001500000020001800015040000800033082002600041100002200067245006200089300004500151490004800196650002500244700002200269 a0803990030 a9780803990036 cDLC00a306 HAL 1934 A074 Or.1 aHall, Richard H.,10aSociology of work :bperspectives, analyses, and issues / axxi, 465 pages :billustrations ;c24 cm1 aThe Pine Forge Press social science library 0aIndustrial sociology1 aButtram, Robert T